| 000 | 01026nam0a22002411i 4500 | ||
|---|---|---|---|
| 001 | rc\3622355 | ||
| 005 | 20240723235716.0 | ||
| 035 | _a(NLR Aleph) 007718610 | ||
| 090 |
_a6926362 _c6926362 |
||
| 100 | _a20130115d1972 |||y0rusy50 ca | ||
| 101 | 0 | _arus | |
| 102 | _aRU | ||
| 105 | _aa d ||||| | ||
| 200 | 1 |
_aБесконтактные методы контроля размеров крупногабаритных горячих поковок _e(Исследование и разработка) _eАвтореф. дис. на соиск. учен. степени канд. техн. наук _fВолгогр. политехн. ин-т |
|
| 210 |
_aВолгоград _d1972 |
||
| 215 |
_a20 с. _cсхем. _d20 |
||
| 320 | _aСписок работ авт.: с. 19-20 | ||
| 333 | _aДля служебного пользования. Экз. № 39 | ||
| 700 | 1 |
_aМаргус _bМ.Е. _gМихаил Ефимович |
|
| 801 | 0 |
_aRU _bNLR _gpsbo |
|
| 801 | 1 |
_aRU _bELAR _2rusmarc |
|
| 852 |
_aNLR _j73-50к/1285 |
||
| 942 | _cBOOK | ||